000
00311nam a2200109Ia 4500
008
171204s9999 xx 000 0 und d
245
_a
Basic Crime Scene Photography:
245
_c
Aric W. Dutelle MFS
260
_c
2015
650
_x
Basic Photography
856
_u
http://down.ebook777.com/054/9781514334331.pdf
999
_c
346254
_d
346254